Le plus grande ville commençant par A dans ce pays - Statistiques

Statistiques générales
  • Ce quiz a été pris 496 fois
    369 depuis la dernière actualisation
  • Le résultat moyen est 10 sur 18
Statistiques - réponses
Pays A -ville % Correct
Algerie Alger
95%
Pays-bas Amsterdam
92%
Turquie Ankara
91%
Egypte Alexandrie
78%
Ethiopie Addis-Abeba
77%
Belgique Anvers
76%
Cote d'Ivoire Abidjan
73%
États-Unis Austin
64%
France Angers
59%
Nigeria Abuja
58%
Australie Adélaïde
51%
Syrie Alep
47%
Royaume-Uni Aberdeen
37%
Kazakstan Almaty
28%
Italie Ancône
27%
Allemagne Augsbourg
25%
Inde Ahmedabad
18%
Pérou Arequipa
16%
Aucun quiz correspondant
Distribution des résultats
% des personnes avec chaque résultat
Percentile par nombre de réponses
Votre historique - résultats
Vous n’avez pas pris ce quiz depuis la dernière actualisation